| 000 | 00946nam a22002655i 4500 | ||
|---|---|---|---|
| 999 |
_c28878 _d28849 |
||
| 003 | EG-ScBUE | ||
| 005 | 20200928143342.0 | ||
| 008 | 200219s2010 ii f b 001 0 eng d | ||
| 020 | _a9788123917979 | ||
| 040 |
_aEG-ScBUE _beng _erda _cEG-ScBUE _dEG-ScBUE |
||
| 082 | 0 | 4 |
_a616.89 _bSHO _222 |
| 245 | 0 | 0 |
_aShort textbook of psychiatry / _cedited by Dr. M. S. Bhatia, Professor & Head Department of Psychiatry, University College of Medical Sciences. |
| 246 | 3 | 0 | _aPsychiatry |
| 250 | _aSixth edition. | ||
| 264 | 1 |
_aNew Delhi : _bCBS Publishers & Distributors PVT. LTD., _c2010. |
|
| 300 |
_avii, 392 pages : _billustrations ; _c24 cm |
||
| 336 |
_atext _btxt _2rdacontent |
||
| 337 |
_aunmediated _bn _2rdamedia |
||
| 338 |
_avolume _bnc _2rdacarrier |
||
| 504 | _aIncludes bibliographical references and index. | ||
| 650 | 7 |
_aPsychiatry. _2BUEsh |
|
| 653 |
_bHHUUPPSS _cSeptember2020 |
||
| 700 | 1 |
_aBhatia, M. S., _eeditor. |
|
| 942 |
_2ddc _cBB |
||